00561nam a22001937a 450000500170000001000130001702000250003003500130005503700160006804000120008408200150009610000240011124500570013526000530019227000500024530000260029565000180032165000280033920170124110148.0 aB-159060 c895.00a978817648924 aB-159060 bCen Lib/Ret aDPLbEN a660.6bBAN aBanerjee, Meenakshi aBiotechnology :cby Meenakshi Banerjeeba glossary / aNew DelhibA. P. H. Publishing Corporationc2005 bNew Delhia5, Ansari Road, Darya Ganje110002 aviii,337p. c22cm(Hb) aBiotechnology aBiochemical engineering